Finančné deriváty
Hedging - finančné deriváty a zabezpečenie sa proti finančnému riziku, ktorému sa podniky môžu vystaviť v prípade obchodovania na finančných trhoch. Objasnenie pojmu finančné deriváty a niektoré problémy, ktoré s tým bezprostredne súvisia. Členenie finančných derivátov (termínované a opčné obchody)....
Gespeichert in:
| 1. Verfasser: | |
|---|---|
| Format: | Buchkapitel |
| Sprache: | Slowakisch |
| Schlagworte: | |
| Tags: |
Keine Tags, Fügen Sie das erste Tag hinzu!
|
MARC
| LEADER | 00000naa a2200000 4500 | ||
|---|---|---|---|
| 001 | r041204 | ||
| 005 | 20231002073610.7 | ||
| 041 | 0 | |a slo | |
| 044 | |a SK | ||
| 245 | 1 | 0 | |a Finančné deriváty |c Renáta Juríková |
| 520 | |a Hedging - finančné deriváty a zabezpečenie sa proti finančnému riziku, ktorému sa podniky môžu vystaviť v prípade obchodovania na finančných trhoch. Objasnenie pojmu finančné deriváty a niektoré problémy, ktoré s tým bezprostredne súvisia. Členenie finančných derivátov (termínované a opčné obchody). Členenie termínovaných obchodov (forwardy, futures, swapy). | ||
| 610 | 2 | 0 | |a deriváty |
| 610 | 2 | 0 | |a hedging |
| 610 | 2 | 0 | |a obchody opčné |
| 610 | 2 | 0 | |a obchody termínové |
| 610 | 2 | 0 | |a forwardy |
| 610 | 2 | 0 | |a futurity |
| 610 | 2 | 0 | |a swap |
| 610 | 2 | 0 | |a Slovensko |
| 100 | 1 | |a Juríková, Renáta | |